Statistics for Movies that Start with H

Click here to take the quiz!

General Stats

  • This quiz has been taken 63,597 times
    (30,601 since last reset)
  • The average score is 9 of 17

Answer Stats

DescriptionMovie% Correct
Boy uses elaborate booby traps to foil Christmas burglarsHome Alone
99%
Groom goes missing after an epic bachelor party in VegasHangover, the
79%
Deformed man has lived his entire life in the bell tower of a Paris cathedralThe Hunchback of
Notre Dame
77%
Absent-minded inventor accidentally shrinks his childrenHoney I Shrunk the Kids
76%
Teenage tributes battle to the death in a futuristic arenaHunger Games, the
73%
Green giant is not jolly - in fact, he is a product of rageHulk
71%
Hockey player uses slap-shot skills to win the big golf tournamentHappy Gilmore
52%
Professional date doctor helps men woo the women of their dreamsHitch
45%
Escaped mental health patient stalks a high school girl and is very difficult to killHalloween
44%
Immortal beings behead each other with swords until only a Scotsman remainsHighlander
40%
New Jersey stoners make an epic voyage in search of fast food burgersHarold & Kumar
Go to White Castle
37%
Soviet submarine captain wants to defect to the U.S.Hunt for Red October, the
37%
Plus-sized teenage television personality fights for racial equality in BaltimoreHairspray
34%
Rural horse man heals a horse and almost destroys a marriageHorse Whisperer, the
29%
Scrappy teens win the Indiana basketball championship
thanks to boring passing and defense
Hoosiers
28%
List-making record store owner calls all his ex-girlfriends to find out
what he is doing wrong
High Fidelity
23%
Hearse-driving youth finds true love with a 79 year-old womanHarold and Maude
16%

Score Distribution

Percentile by Number Answered

Percent of People with Each Score

Your Score History

You have not taken this quiz since the last reset